000 00844 a2200265 4500
003 OSt
005 20180116192401.0
008 120702t xxu||||| |||| 00| 0 eng d
010 _a 00500222
020 _a0714838438
020 _a9780714838434
040 _c0
082 0 0 _a759.5
100 1 _aLinks, J. G.
_95077
245 1 0 _aCanaletto /
_cJ.G.Links.
250 _a2nd ed., rev., enl., newly illustrated & redesigned.
260 _aLondon :
_bPhaidon Press Ltd.,
_c1994 (1999 printing)
300 _a256 p. :
_bill. (chiefly col.) ;
_c29 cm.
600 0 0 _aCanaletto,
_d1697-1768.
_95078
600 0 0 _aCanaletto,
_d1697-1768
_95079
650 1 0 _aPainters
_zItaly
_xBiography.
_95080
700 0 _aCanaletto,
_d1697-1768.
_95081
942 _aSADA
_cBK
_k759.5 LIN 1994
_2ddc
999 _c353308
_d353308